Postavenie USA v súčasných medzinárodných vzťahoch bakalárska práca

Gespeichert in:
Bibliographische Detailangaben
1. Verfasser: Horňáková, Dominika
Körperschaft: Fakulta medzinárodných vzťahov EU. Katedra medzinárodných politických vzťahov
Weitere Verfasser: Kucharčík, Rudolf, 1977-
Format: Buch
Sprache:Slowakisch
Veröffentlicht: Bratislava 2017
Tags: Tag hinzufügen
Keine Tags, Fügen Sie das erste Tag hinzu!

MARC

LEADER 00000nbm a2200000 4500
001 0232071
005 20180223122255.9
041 0 |a slo 
044 |a SK 
245 1 0 |a Postavenie USA v súčasných medzinárodných vzťahoch  |b bakalárska práca  |c Dominika Horňáková ; školiteľ: Rudolf Kucharčík 
264 1 |a Bratislava  |c 2017 
300 |a 57 s. 
100 1 |a Horňáková, Dominika 
700 1 |a Kucharčík, Rudolf, 1977- 
710 2 |a Fakulta medzinárodných vzťahov EU. Katedra medzinárodných politických vzťahov